El Drama del Humanismo Ateo (Record no. 477)

MARC details
000 -LEADER
campo de control de longitud fija 00307ngm a2200133Ia 4500
005 - FECHA Y HORA DE LA 脷LTIMA TRANSACCI脫N
campo de control 20251221004151.0
008 - DATOS DE LONGITUD FIJA--INFORMACI脫N GENERAL
campo de control de longitud fija 251220s1900||||xx ||| | || ||spa||
082 ## - N脷MERO DE LA CLASIFICACI脫N DECIMAL DEWEY
N煤mero de clasificaci贸n 190/L95/Ej.3
100 ## - ENTRADA PRINCIPAL--NOMBRE DE PERSONA
Nombre de persona Lubac, Henri de
245 #0 - MENCI脫N DEL T脥TULO
T铆tulo El Drama del Humanismo Ateo
250 ## - MENCION DE EDICION
Menci贸n de edici贸n 2a.ed.
264 ## - PRODUCCI脫N, PUBLICACI脫N, DISTRIBUCI脫N, FABRICACI脫N Y COPYRIGHT
Producci贸n, publicaci贸n, distribuci贸n, fabricaci贸n y copyright Encuentro
942 ## - ELEMENTOS DE ENTRADA SECUNDARIOS (KOHA)
Tipo de 铆tem Koha CD

No items available.